Könyvbemutató [Röv. hír.]
Elmentve itt :
| Dokumentumtípus: | Cikk |
|---|---|
| Megjelent: |
2002-03-09
|
| Sorozat: | Délmagyarország
92 No. 58 |
| Kulcsszavak: | Könyvbemutató, Solymosi Frigyes: Valóban kollaboránsok voltunk? |
| Online Access: | http://dmarchiv.bibl.u-szeged.hu/124448 |
| LEADER | 00452nab a2200145 i 4500 | ||
|---|---|---|---|
| 001 | delm124448 | ||
| 005 | 20191120082450.0 | ||
| 008 | 191120s2002 hu o 0|| hun d | ||
| 040 | |a SZTE Délmagyarország Archívum |b hun | ||
| 041 | |a hun | ||
| 245 | 0 | 0 | |a Könyvbemutató [Röv. hír.] |h [elektronikus dokumentum] |
| 260 | |c 2002-03-09 | ||
| 300 | |a 4 | ||
| 490 | 0 | |a Délmagyarország |v 92 No. 58 | |
| 695 | |a Könyvbemutató, Solymosi Frigyes: Valóban kollaboránsok voltunk? | ||